[Event "IECG CA.2002.0.00069 email"]
[Site "IECG email"]
[Date "2003.01.04"]
[Round "?"]
[White "Vaassen, Jack M"]
[Black "Musayev, Vagif"]
[Result "1-0"]
[WhiteElo "2191"]
[BlackElo "2150"]
[PlyCount "30"]
[EventDate "2002.09.12"]
[EventType "tourn (corr)"]
[EventRounds "6"]
[SourceTitle "Corr 2008"]
[Source "ChessBase"]
[SourceDate "2008.06.24"]
[SourceVersion "1"]
[SourceVersionDate "2008.06.24"]
[SourceQuality "1"]

1. e4 e5 2. f4 exf4 3. Nf3 d5 4. exd5 Nf6 5. Bc4 Nxd5 6. Bxd5 Qxd5 7. Nc3 Qf5 8. Qe2+ Be7 9. d4 c6 10. 0-0 Be6 11. Ne4 h6 12. Ne5 g5 13. g3 Rg8 14. c4 Nd7 15. g4 0-0-0 1-0

[Event "IECG CA.2002.0.00069 email"]
[Site "IECG email"]
[Date "2002.09.12"]
[Round "?"]
[White "Musayev, Vagif"]
[Black "Bann, Ellery"]
[Result "0-1"]
[WhiteElo "2150"]
[BlackElo "2168"]
[PlyCount "46"]
[EventDate "2002.09.12"]
[EventType "tourn (corr)"]
[EventRounds "6"]
[SourceTitle "Corr 2008"]
[Source "ChessBase"]
[SourceDate "2008.06.24"]
[SourceVersion "1"]
[SourceVersionDate "2008.06.24"]
[SourceQuality "1"]

1. c4 Nf6 2. Nc3 g6 3. d4 Bg7 4. Nf3 0-0 5. e4 d6 6. h3 e5 7. d5 a5 8. Be2 Na6 9. Be3 Nc5 10. Nd2 Bd7 11. 0-0 c6 12. a3 cxd5 13. cxd5 a4 14. Rc1 Rc8 15. f3 Qa5 16. Nc4 Qc7 17. Bxc5 Qxc5+ 18. Kh1 Nh5 19. Kh2 Bh6 20. Rc2 Bf4+ 21. g3 Nxg3 22. Kg2 Nxf1 23. Bxf1 Bxh3+ 0-1

[Event "IECG CA.2002.0.00065"]
[Site "IECG email"]
[Date "2002.08.08"]
[Round "1"]
[White "Andersen, Lars Kirstein"]
[Black "Musayev, Vagif"]
[Result "1-0"]
[WhiteElo "2100"]
[BlackElo "2150"]
[PlyCount "39"]
[EventDate "2002.08.08"]
[EventType "tourn (corr)"]
[EventRounds "6"]
[SourceTitle "Corr 2024"]
[Source "ChessBase"]
[SourceDate "2023.10.19"]
[SourceVersion "1"]
[SourceVersionDate "2023.10.19"]
[SourceQuality "1"]

1. d4 Nf6 2. c4 e6 3. Nf3 d5 4. Nc3 Bb4 5. cxd5 Nxd5 6. Qc2 Nc6 7. a3 Ba5 8. b4 Bb6 9. e3 Nxc3 10. Qxc3 0-0 11. Bd3 a5 12. b5 a4 13. Qc2 Na5 14. Qxa4 h6 15. 0-0 Nc6 16. Qxa8 Na7 17. a4 Qd5 18. a5 Bd7 19. Bh7+ Kxh7 20. Qxf8 1-0

[Event "IECG QA.2002.0.00027"]
[Site "IECG email"]
[Date "2002.??.??"]
[Round "2"]
[White "Musayev, Vagif"]
[Black "Kuechle, Wolfgang"]
[Result "1-0"]
[WhiteElo "2150"]
[BlackElo "2161"]
[PlyCount "35"]
[EventDate "2002.09.08"]
[EventType "tourn (corr)"]
[EventRounds "6"]
[SourceTitle "Corr 2024"]
[Source "ChessBase"]
[SourceDate "2023.10.19"]
[SourceVersion "1"]
[SourceVersionDate "2023.10.19"]
[SourceQuality "1"]

1. c4 f5 2. d4 Nf6 3. Nc3 g6 4. Nf3 Bg7 5. e3 0-0 6. Qb3 d6 7. Ng5 h6 8. c5+ d5 9. Nf3 c6 10. Bd3 Kh7 11. Ne5 Ne4 12. Be2 Nxc5 13. Qc2 Nbd7 14. Nxd7 Nxd7 15. h4 e5 16. dxe5 Nxe5 17. f4 Nf7 18. Bd2 1-0